Music Quiz

Random Music or Billboard Quiz

Four-Word Song Title Slot Machine Quiz Stats

 Plays Quiz Updated Aug 14, 2015

Challenge
Share
Tweet
Score 0/84 Timer 05:00
0 Plays Today
% Correct
Big Girls Don't Cry
82.3%
Big Girls Don't Cry
82.3%
Big Girls Don't Cry
82.3%
Big Girls Don't Cry
82.3%
I Kissed a Girl
82.1%
I Kissed a Girl
82.1%
I Kissed a Girl
82.1%
I Kissed a Girl
82.1%
All About That Bass
81.1%
All About That Bass
81.1%
All About that Bass
81.1%
All About That Bass
81.1%
Kiss from a Rose
60.4%
Kiss from a Rose
60.4%
Kiss from a Rose
60.4%
Kiss from a Rose
60.4%
With Arms Wide Open
59%
With Arms Wide Open
59%
With Arms Wide Open
59%
With Arms Wide Open
59%
How You Remind Me
55.9%
How You Remind Me
55.9%
How You Remind Me
55.9%
How You Remind Me
55.9%
A Moment Like This
52.8%
A Moment Like This
52.8%
A Moment Like This
52.8%
A Moment Like This
52.8%
% Correct
I'll Be Missing You
52.7%
I'll Be Missing You
52.7%
I'll Be Missing You
52.7%
I'll Be Missing You
52.7%
A Whole New World
52.4%
A Whole New World
52.4%
A Whole New World
52.4%
A Whole New World
52.4%
What a Girl Wants
50.7%
What a Girl Wants
50.7%
What a Girl Wants
50.7%
What a Girl Wants
50.7%
Because You Loved Me
47.4%
Because You Loved Me
47.4%
Because You Loved Me
47.4%
Because You Loved Me
47.4%
End of the Road
47.3%
End of the Road
47.3%
End of the Road
47.3%
End of the Road
47.3%
Let Me Love You
45.7%
Let Me Love You
45.7%
Let Me Love You
45.7%
Let Me Love You
45.7%
...Baby One More Time
40.3%
...Baby One More Time
40.3%
...Baby One More Time
40.3%
...Baby One More Time
40.3%
% Correct
Don't Forget About Us
39.4%
Don't Forget About Us
39.4%
Don't Forget About Us
39.4%
Don't Forget About Us
39.4%
The Boy Is Mine
37.7%
The Boy Is Mine
37.7%
The Boy Is Mine
37.7%
The Boy Is Mine
37.7%
The Way You Move
32%
The Way You Move
32%
The Way You Move
32%
The Way You Move
32%
You Are Not Alone
29.9%
You Are Not Alone
29.9%
You Are Not Alone
29.9%
You Are Not Alone
29.9%
Can't Feel My Face
26.8%
Can't Feel My Face
26.8%
Can't Feel My Face
26.8%
Can't Feel My Face
26.8%
Love in This Club
26.1%
Love in This Club
26.1%
Love in This Club
26.1%
Love in This Club
26.1%
To Be with You
21%
To Be with You
21%
To Be with You
21%
To Be with You
21%

You're not logged in!

Compare scores with friends on all Sporcle quizzes.
OR
Log In

You Might Also Like...

Show Comments

Extras

Top Quizzes Today


Score Distribution

Your Account Isn't Verified!

In order to create a playlist on Sporcle, you need to verify the email address you used during registration. Go to your Sporcle Settings to finish the process.

Report this User

Report this user for behavior that violates our Community Guidelines.

Details: